000 01280cam a2200361 a 4500
999 _c3124
_d3124
001 11927689
003 OSt
005 20200213105346.0
008 970618s1996 gw a b i000 0 eng d
010 _a 00275848
020 _z9292082010694
035 _a(OCoLC)ocm37145472
040 _aEYW
_cEYW
_dDLC
042 _alccopycat
043 _aa------
050 0 0 _aLC157.A2
_bW64 1996
082 _a305.4
_bWOM 1996
245 0 0 _aWomen reading the world :
_bpolicies and practices of literacy in Asia /
_cedited by Carolyn Medel-Anonuevo.
246 3 0 _aPolicies and practices of literacy in Asia
260 _aHamburg :
_bUnesco Institute for Education,
_c1996.
300 _a134 p. :
_bill. ;
_c30 cm.
490 1 _aUIE studies ;
_v6
504 _aIncludes bibliographical references.
650 0 _aLiteracy
_zAsia.
_96935
650 0 _aLiteracy programs
_zAsia.
_96936
650 0 _aWomen
_xEducation
_zAsia.
_96937
700 1 _aMedel-Anonuevo, Carolyn.
_96938
710 2 _aUnesco Institute for Education.
_96939
830 0 _aEtudes de l'IUE ;
_v6.
_96940
906 _a7
_bcbc
_ccopycat
_d3
_encip
_f20
_gy-gencatlg
942 _2ddc
_cSLOAN